<?xml version="1.0" encoding="UTF-8"?>
<collection xmlns="http://www.loc.gov/MARC21/slim">
 <record>
  <leader>02435cam a2200505  a4500</leader>
  <controlfield tag="001">1147920710</controlfield>
  <controlfield tag="003">DE-627</controlfield>
  <controlfield tag="005">20231204100837.0</controlfield>
  <controlfield tag="007">tu</controlfield>
  <controlfield tag="008">990609m20019999xx |||||      00| ||ger c</controlfield>
  <datafield tag="020" ind1=" " ind2=" ">
   <subfield code="z">3770138750</subfield>
  </datafield>
  <datafield tag="035" ind1=" " ind2=" ">
   <subfield code="a">(DE-627)1147920710</subfield>
  </datafield>
  <datafield tag="035" ind1=" " ind2=" ">
   <subfield code="a">(DE-576)077920716</subfield>
  </datafield>
  <datafield tag="035" ind1=" " ind2=" ">
   <subfield code="a">(DE-599)BSZ077920716</subfield>
  </datafield>
  <datafield tag="040" ind1=" " ind2=" ">
   <subfield code="a">DE-627</subfield>
   <subfield code="b">ger</subfield>
   <subfield code="c">DE-627</subfield>
   <subfield code="e">rakwb</subfield>
  </datafield>
  <datafield tag="041" ind1=" " ind2=" ">
   <subfield code="a">ger</subfield>
  </datafield>
  <datafield tag="084" ind1=" " ind2=" ">
   <subfield code="a">9,10</subfield>
   <subfield code="2">ssgn</subfield>
  </datafield>
  <datafield tag="084" ind1=" " ind2=" ">
   <subfield code="a">LO 34210</subfield>
   <subfield code="2">rvk</subfield>
   <subfield code="0">(DE-625)rvk/103076:</subfield>
  </datafield>
  <datafield tag="100" ind1="1" ind2=" ">
   <subfield code="a">Panofsky, Erwin</subfield>
   <subfield code="d">1892-1968</subfield>
   <subfield code="0">(DE-588)118591568</subfield>
   <subfield code="0">(DE-627)135320631</subfield>
   <subfield code="0">(DE-576)162477686</subfield>
   <subfield code="4">aut</subfield>
  </datafield>
  <datafield tag="240" ind1="1" ind2="0">
   <subfield code="a">Early Netherlandish painting &lt;dt.&gt;</subfield>
  </datafield>
  <datafield tag="245" ind1="1" ind2="4">
   <subfield code="a">Die altniederländische Malerei</subfield>
   <subfield code="b">ihr Ursprung und Wesen</subfield>
   <subfield code="c">Erwin Panofsky. Übers. und hrsg. von Jochen Sander und Stephan Kemperdick</subfield>
  </datafield>
  <datafield tag="264" ind1=" " ind2="1">
   <subfield code="a">Köln</subfield>
   <subfield code="b">DuMont</subfield>
   <subfield code="c">2001-</subfield>
  </datafield>
  <datafield tag="336" ind1=" " ind2=" ">
   <subfield code="a">Text</subfield>
   <subfield code="b">txt</subfield>
   <subfield code="2">rdacontent</subfield>
  </datafield>
  <datafield tag="337" ind1=" " ind2=" ">
   <subfield code="a">ohne Hilfsmittel zu benutzen</subfield>
   <subfield code="b">n</subfield>
   <subfield code="2">rdamedia</subfield>
  </datafield>
  <datafield tag="338" ind1=" " ind2=" ">
   <subfield code="a">Band</subfield>
   <subfield code="b">nc</subfield>
   <subfield code="2">rdacarrier</subfield>
  </datafield>
  <datafield tag="689" ind1="0" ind2="0">
   <subfield code="d">g</subfield>
   <subfield code="0">(DE-588)4042203-3</subfield>
   <subfield code="0">(DE-627)104400765</subfield>
   <subfield code="0">(DE-576)209049030</subfield>
   <subfield code="a">Niederlande</subfield>
   <subfield code="2">gnd</subfield>
  </datafield>
  <datafield tag="689" ind1="0" ind2="1">
   <subfield code="d">s</subfield>
   <subfield code="0">(DE-588)4037220-0</subfield>
   <subfield code="0">(DE-627)10623871X</subfield>
   <subfield code="0">(DE-576)209022892</subfield>
   <subfield code="a">Malerei</subfield>
   <subfield code="2">gnd</subfield>
  </datafield>
  <datafield tag="689" ind1="0" ind2="2">
   <subfield code="a">z</subfield>
   <subfield code="2">gnd</subfield>
   <subfield code="a">Geschichte 1300-1500</subfield>
  </datafield>
  <datafield tag="689" ind1="0" ind2=" ">
   <subfield code="5">(DE-627)</subfield>
  </datafield>
  <datafield tag="689" ind1="1" ind2="0">
   <subfield code="d">s</subfield>
   <subfield code="0">(DE-588)4021656-1</subfield>
   <subfield code="0">(DE-627)104732164</subfield>
   <subfield code="0">(DE-576)208939210</subfield>
   <subfield code="a">Gotik</subfield>
   <subfield code="2">gnd</subfield>
  </datafield>
  <datafield tag="689" ind1="1" ind2="1">
   <subfield code="d">s</subfield>
   <subfield code="0">(DE-588)4037220-0</subfield>
   <subfield code="0">(DE-627)10623871X</subfield>
   <subfield code="0">(DE-576)209022892</subfield>
   <subfield code="a">Malerei</subfield>
   <subfield code="2">gnd</subfield>
  </datafield>
  <datafield tag="689" ind1="1" ind2="2">
   <subfield code="d">g</subfield>
   <subfield code="0">(DE-588)4042203-3</subfield>
   <subfield code="0">(DE-627)104400765</subfield>
   <subfield code="0">(DE-576)209049030</subfield>
   <subfield code="a">Niederlande</subfield>
   <subfield code="2">gnd</subfield>
  </datafield>
  <datafield tag="689" ind1="1" ind2=" ">
   <subfield code="5">(DE-627)</subfield>
  </datafield>
  <datafield tag="700" ind1="1" ind2="2">
   <subfield code="a">Panofsky, Erwin</subfield>
   <subfield code="d">1892-1968</subfield>
   <subfield code="t">Early Netherlandish painting &lt;dt.&gt;</subfield>
  </datafield>
  <datafield tag="787" ind1="0" ind2="8">
   <subfield code="i">Rezensiert in</subfield>
   <subfield code="a">Herzner, Volker, 1940 - </subfield>
   <subfield code="t">[Rezension von: Erwin Panofsky, Die altniederländische Malerei]</subfield>
   <subfield code="d">2003</subfield>
   <subfield code="w">(DE-627)1539381277</subfield>
   <subfield code="w">(DE-576)469381272</subfield>
  </datafield>
  <datafield tag="936" ind1="r" ind2="v">
   <subfield code="a">LO 34210</subfield>
   <subfield code="b">Altniederländische Malerei (= 15. und 16. Jahrhundert zusammen) und 15. Jahrhundert allein</subfield>
   <subfield code="k">Kunst nach Ländern bzw. Kontinenten</subfield>
   <subfield code="k">Holland, Belgien, Luxemburg (im folgenden als Niederlande bezeichnet)</subfield>
   <subfield code="k">Niederländische Kunstgeschichte nach Gattungen</subfield>
   <subfield code="k">Malerei</subfield>
   <subfield code="k">Ordnung nach Epochen</subfield>
   <subfield code="k">Altniederländische Malerei (= 15. und 16. Jahrhundert zusammen) und 15. Jahrhundert allein</subfield>
   <subfield code="0">(DE-627)1271190125</subfield>
   <subfield code="0">(DE-625)rvk/103076:</subfield>
   <subfield code="0">(DE-576)201190125</subfield>
  </datafield>
  <datafield tag="951" ind1=" " ind2=" ">
   <subfield code="a">MC</subfield>
  </datafield>
  <datafield tag="990" ind1=" " ind2=" ">
   <subfield code="a">Niederlande</subfield>
  </datafield>
  <datafield tag="990" ind1=" " ind2=" ">
   <subfield code="a">Malerei</subfield>
  </datafield>
  <datafield tag="990" ind1=" " ind2=" ">
   <subfield code="a">Geschichte 1300-1500</subfield>
  </datafield>
  <datafield tag="990" ind1=" " ind2=" ">
   <subfield code="a">Gotik</subfield>
  </datafield>
  <datafield tag="990" ind1=" " ind2=" ">
   <subfield code="a">Malerei</subfield>
  </datafield>
  <datafield tag="990" ind1=" " ind2=" ">
   <subfield code="a">Niederlande</subfield>
  </datafield>
  <datafield tag="991" ind1=" " ind2=" ">
   <subfield code="a">Rezensiertes Werk</subfield>
  </datafield>
  <datafield tag="999" ind1=" " ind2=" ">
   <subfield code="a">KXP-PPN1147920710</subfield>
   <subfield code="e">4129198165</subfield>
  </datafield>
 </record>
</collection>
